000
00290nam a22001337a 4500
020
_a
NA
082
_2
22
_a
621.31042
100
_a
Husain, Ashfaq.
245
_a
Electric machines /
250
_a
1st ed.
260
_b
Dhanpat Rai & Co.,
_c
c2004.
300
_a
0
_b
ill. ;
942
_2
ddc
_c
EE
_0
1
999
_c
4018
_d
4018